[Event "Rottach Egern Seniors Cup 13th"]
[Site "Rottach Egern"]
[Date "2025.03.29"]
[Round "1"]
[White "Lindam, Ingo"]
[Black "Kopischke, Maik"]
[Result "1-0"]
[WhiteElo "2151"]
[BlackElo "1876"]
[PlyCount "87"]
[EventDate "2025.03.29"]
[EventType "swiss"]
[EventRounds "9"]
[EventCountry "GER"]
[SourceTitle "CB16_2025"]
[SourceDate "2025.04.16"]
[SourceVersion "1"]
[SourceVersionDate "2025.04.16"]
[SourceQuality "1"]

1. d4 Nf6 2. Bg5 d6 3. Nc3 Nbd7 4. e4 g6 5. Bc4 h6 6. Bh4 Nb6 7. Bb3 c6 8. Qe2 Qc7 9. 0-0-0 Bg7 10. Nf3 Bg4 11. e5 Nfd5 12. Nxd5 Nxd5 13. Rhe1 e6 14. exd6 Qxd6 15. Bg3 Qd8 16. c4 Nf6 17. h3 Bxf3 18. Qxf3 0-0 19. Be5 Nd7 20. Bd6 Re8 21. Kb1 Qa5 22. Re3 Rad8 23. Qg3 Rc8 24. Bc2 Nf6 25. Qf3 Rcd8 26. Ra3 Qh5 27. g4 Qh4 28. Be5 a6 29. Qg2 Nd7 30. Bc7 Rc8 31. Bd6 Bf8 32. Bg3 Qd8 33. Rad3 Nb6 34. b3 a5 35. h4 a4 36. h5 g5 37. Rf3 Bg7 38. Be5 axb3 39. axb3 Ra8 40. Qf1 f6 41. Qd3 Qe7 42. Qh7+ Kf8 43. Bxf6 Bxf6 44. Qh8+ 1-0

[Event "GER-ch Seniors 50 36th"]
[Site "Bad Wildungen"]
[Date "2024.08.28"]
[Round "6"]
[White "Kopischke, Maik"]
[Black "Jendel, Christian"]
[Result "1/2-1/2"]
[WhiteElo "1865"]
[BlackElo "2087"]
[PlyCount "25"]
[EventDate "2024.08.25"]
[EventType "swiss"]
[EventRounds "9"]
[EventCountry "GER"]
[SourceTitle "CBM 221 Extra"]
[Source "ChessBase"]
[SourceDate "2024.09.30"]
[SourceVersion "1"]
[SourceVersionDate "2024.09.30"]
[SourceQuality "1"]

1. Nf3 d5 2. g3 c5 3. c4 Nf6 4. Bg2 Nc6 5. 0-0 e6 6. cxd5 exd5 7. d4 cxd4 8. Nxd4 Bc5 9. Nxc6 bxc6 10. Qc2 Qb6 11. Nc3 Be7 12. Rd1 Be6 13. Na4 1/2-1/2

[Event "Rottach Egern Seniors Cup 12th"]
[Site "Rottach Egern"]
[Date "2024.04.08"]
[Round "3"]
[White "Kopischke, Maik"]
[Black "Schomann, Michael"]
[Result "1/2-1/2"]
[WhiteElo "1883"]
[BlackElo "1776"]
[PlyCount "110"]
[EventDate "2024.04.06"]
[EventType "swiss"]
[EventRounds "9"]
[EventCountry "GER"]
[SourceTitle "CBM 219 Extra"]
[Source "ChessBase"]
[SourceDate "2024.05.31"]
[SourceVersion "1"]
[SourceVersionDate "2024.05.31"]
[SourceQuality "1"]

1. Nf3 Nf6 2. c4 b6 3. g3 Bb7 4. Bg2 g6 5. 0-0 Bg7 6. Nc3 c5 7. Rb1 0-0 8. a3 d6 9. b4 Nbd7 10. d3 Re8 11. Bd2 Ng4 12. h3 Ngf6 13. Qc1 a6 14. Bh6 Qc7 15. Bxg7 Kxg7 16. Qb2 Rab8 17. Rfc1 Kg8 18. Qd2 Kg7 19. Rb2 Ba8 20. Rcb1 e6 21. e3 d5 22. cxd5 exd5 23. bxc5 bxc5 24. Nh4 d4 25. exd4 Bxg2 26. Nxg2 cxd4 27. Ne2 Rxb2 28. Rxb2 Qe5 29. Ne1 Nc5 30. Nf3 Qh5 31. Kg2 Qf5 32. Nexd4 Qxd3 33. Qxd3 Nxd3 34. Rb3 Nc5 35. Rb6 Nfd7 36. Rd6 Rb8 37. Nc2 Rb6 38. Rd5 Re6 39. Nfd4 Rf6 40. Nf3 Re6 41. Rd1 Rb6 42. Nfd4 Rf6 43. Re1 Rd6 44. h4 h5 45. Re7 Kf8 46. Re1 Kg7 47. Re8 Nf6 48. Rc8 Nfd7 49. Rc6 Rxc6 50. Nxc6 Kf6 51. N2b4 Ke6 52. Nd8+ Ke7 53. Ndc6+ Ke6 54. Nd8+ Ke7 55. Ndc6+ Ke6 1/2-1/2

[Event "Rottach Egern Seniors Cup 12th"]
[Site "Rottach Egern"]
[Date "2024.04.06"]
[Round "1"]
[White "Kopischke, Maik"]
[Black "Lindam, Ingo"]
[Result "0-1"]
[WhiteElo "1883"]
[BlackElo "2160"]
[PlyCount "70"]
[EventDate "2024.04.06"]
[EventType "swiss"]
[EventRounds "9"]
[EventCountry "GER"]
[SourceTitle "CBM 219 Extra"]
[Source "ChessBase"]
[SourceDate "2024.05.31"]
[SourceVersion "1"]
[SourceVersionDate "2024.05.31"]
[SourceQuality "1"]

1. Nf3 Nf6 2. c4 g6 3. Nc3 Bg7 4. g3 0-0 5. Bg2 d6 6. 0-0 e5 7. d3 Re8 8. Nd2 a5 9. Rb1 c6 10. a3 h6 11. b4 axb4 12. axb4 d5 13. b5 Be6 14. bxc6 bxc6 15. cxd5 cxd5 16. e4 Nc6 17. Nb3 d4 18. Ne2 Qe7 19. f4 Bg4 20. h3 Bxe2 21. Qxe2 Nh5 22. Kh2 Nb4 23. Rb2 Rec8 24. Bd2 Na2 25. f5 Nc3 26. Bxc3 Rxc3 27. Bf3 Rb8 28. Bxh5 gxh5 29. Na5 Rxb2 30. Qxb2 Rxd3 31. Qf2 Qb4 32. Nc6 Qd2 33. Kg1 Qg5 34. g4 Rxh3 35. Qe2 Rg3+ 0-1

[Event "GER-ch Seniors 50 34th"]
[Site "Magdeburg"]
[Date "2022.08.16"]
[Round "5"]
[White "Juegel, Marcel"]
[Black "Kopischke, Maik"]
[Result "1-0"]
[WhiteElo "2126"]
[BlackElo "1838"]
[PlyCount "43"]
[EventDate "2022.08.12"]
[EventType "swiss"]
[EventRounds "9"]
[EventCountry "GER"]
[SourceTitle "CBM 209 Extra"]
[Source "ChessBase"]
[SourceDate "2022.09.30"]
[SourceVersion "1"]
[SourceVersionDate "2022.09.30"]
[SourceQuality "1"]

1. d4 Nf6 2. Nc3 d5 3. Bf4 c6 4. e3 g6 5. Be2 Bg7 6. Nf3 Nbd7 7. Qd2 Qb6 8. 0-0-0 Nh5 9. Rhe1 0-0 10. g4 Nxf4 11. exf4 e6 12. Qe3 c5 13. h4 cxd4 14. Rxd4 Bxd4 15. Nxd4 Nc5 16. h5 Bd7 17. Rh1 Ne4 18. Nd1 Kg7 19. Rh3 Rac8 20. f3 Nf6 21. Qe5 Qc7 22. h6+ 1-0

[Event "Rottach Egern Seniors Cup 10th"]
[Site "Rottach Egern"]
[Date "2022.04.01"]
[Round "7"]
[White "Gerl, Hans Peter"]
[Black "Kopischke, Maik"]
[Result "1-0"]
[WhiteElo "1948"]
[BlackElo "1800"]
[PlyCount "149"]
[EventDate "2022.03.26"]
[EventType "swiss"]
[EventRounds "9"]
[EventCountry "GER"]
[SourceTitle "CBM 207 Extra"]
[Source "ChessBase"]
[SourceDate "2022.05.31"]
[SourceVersion "1"]
[SourceVersionDate "2022.05.31"]
[SourceQuality "1"]

1. d4 Nf6 2. c4 c5 3. d5 b5 4. cxb5 a6 5. b6 e6 6. Nc3 Nxd5 7. Nxd5 exd5 8. Qxd5 Nc6 9. e4 Be7 10. Bc4 0-0 11. Nf3 Rb8 12. 0-0 Rxb6 13. Rd1 d6 14. Qh5 Be6 15. Bxe6 fxe6 16. Qg4 Qc8 17. Rb1 Rb4 18. Bd2 Rb6 19. Bc3 Rf7 20. h4 Na7 21. a4 e5 22. Qg3 Qc6 23. Ng5 Bxg5 24. Qxg5 Rb8 25. f3 Rf6 26. h5 h6 27. Qd2 Qxa4 28. Qd5+ Kh7 29. Ra1 Qb5 30. Ra5 Qe2 31. Re1 Qc2 32. Rxa6 Nb5 33. Qd2 Qxd2 34. Bxd2 Nc7 35. Ra2 Nb5 36. Kf2 Rf7 37. Rea1 Rfb7 38. Ra8 Kg8 39. Rxb8+ Rxb8 40. Ra6 Kf7 41. g3 Ke6 42. f4 Nc7 43. Ra2 Nb5 44. Ke3 Nd4 45. Bc3 Nb5 46. Kd3 Nxc3 47. bxc3 Rb1 48. Ra7 exf4 49. gxf4 Rh1 50. Rxg7 Rxh5 51. f5+ Kf6 52. Rg6+ Ke7 53. Kc4 Rh3 54. Kd5 h5 55. Re6+ Kf7 56. Kxd6 Rxc3 57. Rh6 Re3 58. Ke5 Rh3 59. Rh7+ Kg8 60. Rc7 Rc3 61. Kf6 h4 62. e5 h3 63. Rg7+ Kh8 64. Rg1 h2 65. Rh1 Rh3 66. e6 Rh6+ 67. Kf7 Rh7+ 68. Kf8 Rh6 69. Kf7 Rh7+ 70. Kg6 Rg7+ 71. Kf6 Rh7 72. e7 Rh6+ 73. Kf7 Rh7+ 74. Ke6 Rh6+ 75. f6 1-0

[Event "Rottach Egern Seniors Cup 10th"]
[Site "Rottach Egern"]
[Date "2022.03.26"]
[Round "1"]
[White "Baeuml, Ulrich"]
[Black "Kopischke, Maik"]
[Result "1/2-1/2"]
[WhiteElo "2088"]
[BlackElo "1800"]
[PlyCount "46"]
[EventDate "2022.03.26"]
[EventType "swiss"]
[EventRounds "9"]
[EventCountry "GER"]
[SourceTitle "CBM 207 Extra"]
[Source "ChessBase"]
[SourceDate "2022.05.31"]
[SourceVersion "1"]
[SourceVersionDate "2022.05.31"]
[SourceQuality "1"]

1. c4 e5 2. g3 d6 3. Nc3 Be6 4. Bg2 Nc6 5. d3 Qd7 6. Rb1 g6 7. b4 Bg7 8. b5 Nd8 9. Nd5 h6 10. h4 Ne7 11. Nxe7 Qxe7 12. Nf3 f5 13. 0-0 0-0 14. e3 Nf7 15. Qc2 Bd7 16. a4 c6 17. Re1 Rac8 18. Qa2 Kh7 19. Ba3 c5 20. Qd2 Be6 21. Nh2 g5 22. hxg5 hxg5 23. Bb2 Rh8 1/2-1/2

[Event "Arco op 41st"]
[Site "Arco"]
[Date "2019.10.12"]
[Round "9"]
[White "Kopischke, Maik"]
[Black "Casagrande, Fabio"]
[Result "0-1"]
[WhiteElo "1815"]
[BlackElo "1965"]
[PlyCount "60"]
[EventDate "2019.10.04"]
[EventType "swiss"]
[EventRounds "9"]
[EventCountry "ITA"]
[SourceTitle "EXT 2021"]
[Source "ChessBase"]
[SourceDate "2020.10.23"]
[SourceVersion "1"]
[SourceVersionDate "2020.10.23"]
[SourceQuality "1"]

1. Nf3 e6 2. c4 Nf6 3. g3 d5 4. Bg2 Be7 5. 0-0 0-0 6. b3 c5 7. Bb2 Nc6 8. e3 Qc7 9. Nc3 a6 10. Rc1 d4 11. exd4 cxd4 12. Ne2 e5 13. d3 h6 14. h3 Bf5 15. Nh4 Bh7 16. Nf3 Nb4 17. Ne1 Nxa2 18. Ra1 Nb4 19. f4 e4 20. dxe4 Bxe4 21. Bxd4 Rad8 22. Qc1 Rxd4 23. Nxd4 Bc5 24. Bxe4 Nxe4 25. Qe3 Nxg3 26. Nef3 Nxf1 27. Rxf1 Nc2 28. Qe4 Nxd4 29. Nxd4 Rd8 30. Rd1 Rxd4 0-1

[Event "Arco op 41st"]
[Site "Arco"]
[Date "2019.10.04"]
[Round "1"]
[White "Kopischke, Maik"]
[Black "Vezzani, Stefano"]
[Result "0-1"]
[WhiteElo "1815"]
[BlackElo "2149"]
[PlyCount "112"]
[EventDate "2019.10.04"]
[EventType "swiss"]
[EventRounds "9"]
[EventCountry "ITA"]
[SourceTitle "EXT 2020"]
[Source "ChessBase"]
[SourceDate "2019.10.17"]
[SourceVersion "1"]
[SourceVersionDate "2019.10.17"]
[SourceQuality "1"]

1. Nf3 Nf6 2. c4 d6 3. Nc3 Nbd7 4. g3 g6 5. Bg2 Bg7 6. 0-0 0-0 7. d3 a6 8. Rb1 e5 9. b4 Re8 10. Nd2 Nf8 11. a4 c6 12. b5 axb5 13. axb5 d5 14. bxc6 bxc6 15. cxd5 cxd5 16. Bb2 Bg4 17. h3 Be6 18. e3 Qd7 19. Kh2 Reb8 20. Ba1 Ne8 21. Rxb8 Rxb8 22. Qc2 h5 23. Rb1 Rc8 24. Qb2 e4 25. d4 h4 26. Qb5 hxg3+ 27. fxg3 Bh6 28. Qxd7 Nxd7 29. Nf1 Nd6 30. Ne2 f6 31. Nf4 Bf7 32. h4 Kf8 33. Bh3 Rc2+ 34. Kg1 Ke7 35. Bb2 Nc4 36. Bc1 Ndb6 37. Ba3+ Nxa3 38. Rxb6 Bxf4 39. gxf4 Nc4 40. Rb7+ Kf8 41. Rb8+ Kg7 42. Rb7 f5 43. h5 gxh5 44. Ra7 Rc1 45. Kf2 Kf6 46. Ra6+ Be6 47. Ng3 Rc2+ 48. Ke1 Nxe3 49. Nxh5+ Kf7 50. Ra7+ Kg6 51. Ng7 Bc8 52. Ne8 Kh6 53. Nd6 Be6 54. Re7 Bc8 55. Re8 Ba6 56. Re6+ Kh5 0-1

[Event "Berlin Lichtenberger op 18th"]
[Site "Berlin"]
[Date "2019.08.19"]
[Round "3"]
[White "Massa, Pietro"]
[Black "Kopischke, Maik"]
[Result "0-1"]
[WhiteElo "1677"]
[BlackElo "1826"]
[PlyCount "80"]
[EventDate "2019.08.17"]
[EventType "swiss"]
[EventRounds "9"]
[EventCountry "GER"]
[SourceTitle "EXT 2020"]
[Source "ChessBase"]
[SourceDate "2019.10.17"]
[SourceVersion "1"]
[SourceVersionDate "2019.10.17"]
[SourceQuality "1"]

1. d4 Nf6 2. Nf3 c5 3. c3 g6 4. Bf4 b6 5. e3 Bb7 6. h3 Bg7 7. Be2 0-0 8. 0-0 d6 9. Nbd2 Nbd7 10. a4 Re8 11. Nc4 Rc8 12. Bxd6 exd6 13. Nxd6 Qc7 14. Nxe8 Rxe8 15. Qb3 h6 16. Rfd1 Ne4 17. Rac1 Ndf6 18. d5 Nd6 19. c4 Bc8 20. Bd3 Nfe4 21. Qc2 Bd7 22. Re1 Qd8 23. Re2 Qf6 24. Rb1 Bxh3 25. Bxe4 Nxe4 26. Nd4 Bd7 27. Nb5 Bf5 28. Qd1 a6 29. Nc7 Re7 30. Nxa6 Nd6 31. Rc1 Qg5 32. b4 Bc8 33. bxc5 bxc5 34. Nxc5 Bg4 35. Nb3 Bxe2 36. Qxe2 Ra7 37. a5 Nf5 38. Nd4 Nh4 39. Qf1 Bxd4 40. exd4 Nf3+ 0-1

[Event "Berlin Lichtenberger op 18th"]
[Site "Berlin"]
[Date "2019.08.17"]
[Round "1"]
[White "Stern, Rene"]
[Black "Kopischke, Maik"]
[Result "1-0"]
[WhiteElo "2515"]
[BlackElo "1826"]
[PlyCount "47"]
[EventDate "2019.08.17"]
[EventType "swiss"]
[EventRounds "9"]
[EventCountry "GER"]
[SourceTitle "EXT 2020"]
[Source "ChessBase"]
[SourceDate "2019.10.17"]
[SourceVersion "1"]
[SourceVersionDate "2019.10.17"]
[SourceQuality "1"]

1. Nf3 Nf6 2. c4 c5 3. Nc3 Nc6 4. e3 g6 5. d4 cxd4 6. exd4 d5 7. cxd5 Nxd5 8. Qb3 Nxc3 9. Bc4 e6 10. bxc3 Bg7 11. Ba3 Bd7 12. Be2 Qa5 13. 0-0 Rc8 14. Rac1 h5 15. h4 Bf6 16. Rfe1 g5 17. d5 Ne5 18. Nxe5 Bxe5 19. dxe6 fxe6 20. Bb4 Qc7 21. Bb5 Rh6 22. hxg5 Rg6 23. Bxd7+ Kxd7 24. Qa4+ 1-0

[Event "Sanxenxo Carlos op 11th"]
[Site "Sanxenxo"]
[Date "2019.06.22"]
[Round "1"]
[White "Kopischke, Maik"]
[Black "Ibarra Jerez, Jose Carlos"]
[Result "0-1"]
[WhiteElo "1820"]
[BlackElo "2547"]
[PlyCount "44"]
[EventDate "2019.06.22"]
[EventType "swiss"]
[EventRounds "9"]
[EventCountry "ESP"]
[SourceTitle "CBM 191 Extra"]
[Source "ChessBase"]
[SourceDate "2019.09.30"]
[SourceVersion "1"]
[SourceVersionDate "2019.09.30"]
[SourceQuality "1"]

1. Nf3 d5 2. c4 d4 3. g3 Nc6 4. Bg2 e5 5. 0-0 e4 6. Ne1 h5 7. Bxe4 Bh3 8. Bg2 Qd7 9. Nf3 h4 10. d3 hxg3 11. fxg3 Bxg2 12. Kxg2 Qh3+ 13. Kg1 Nf6 14. Rf2 Ng4 15. Rg2 f6 16. Qb3 0-0-0 17. Qb5 Rh5 18. Qa4 Bd6 19. Bf4 Bxf4 20. gxf4 Ne3 21. Rf2 Rdh8 22. Nbd2 Qg3+ 0-1

[Event "Sitges Sunway op-B 5th"]
[Site "Sitges"]
[Date "2018.12.15"]
[Round "2"]
[White "Westerweele, Henrik"]
[Black "Kopischke, Maik"]
[Result "1/2-1/2"]
[WhiteElo "1979"]
[BlackElo "1825"]
[PlyCount "57"]
[EventDate "2018.12.14"]
[EventType "swiss"]
[EventRounds "10"]
[EventCountry "ESP"]
[SourceTitle "CBM 187 Extra"]
[Source "ChessBase"]
[SourceDate "2018.11.04"]
[SourceVersion "1"]
[SourceVersionDate "2018.11.04"]
[SourceQuality "1"]

1. e4 g6 2. d4 Bg7 3. Nc3 d6 4. Bg5 Nd7 5. Nf3 a6 6. Be2 b5 7. 0-0 Bb7 8. Qd2 Rc8 9. Qe3 c5 10. d5 Ngf6 11. h3 0-0 12. Nh2 c4 13. Ng4 b4 14. Nd1 Qc7 15. Nxf6+ Nxf6 16. Re1 a5 17. Bg4 Rb8 18. Bh6 Bc8 19. Bxc8 Rfxc8 20. Bxg7 Kxg7 21. Qd4 Qc5 22. Qxc5 Rxc5 23. f3 Nd7 24. Nf2 Nb6 25. Rab1 Rbc8 26. Ng4 Na8 27. Rbd1 Nb6 28. Rb1 Na8 29. Rbd1 1/2-1/2

[Event "Berlin Lichtenrade op 14th"]
[Site "Berlin"]
[Date "2018.10.30"]
[Round "4"]
[White "Stigar, Petter"]
[Black "Kopischke, Maik"]
[Result "1/2-1/2"]
[WhiteElo "2190"]
[BlackElo "1761"]
[PlyCount "42"]
[EventDate "2018.10.27"]
[EventType "swiss"]
[EventRounds "9"]
[EventCountry "GER"]
[SourceTitle "CBM 187 Extra"]
[Source "ChessBase"]
[SourceDate "2018.11.04"]
[SourceVersion "1"]
[SourceVersionDate "2018.11.04"]
[SourceQuality "1"]

1. Nf3 g6 2. d4 Bg7 3. e4 d6 4. Nc3 Nd7 5. Be3 a6 6. a4 b6 7. Bd3 Bb7 8. 0-0 e6 9. Qd2 h6 10. Rfe1 Ne7 11. Ne2 c5 12. c3 Nf6 13. Ng3 Ng4 14. h3 Nxe3 15. Qxe3 0-0 16. h4 Qd7 17. h5 g5 18. Bc2 cxd4 19. Nxd4 Nc6 20. Nf3 b5 21. Red1 Ne5 1/2-1/2

[Event "Arco op 40th"]
[Site "Arco"]
[Date "2018.10.13"]
[Round "1"]
[White "Csiki, Endre"]
[Black "Kopischke, Maik"]
[Result "1-0"]
[WhiteElo "2156"]
[BlackElo "1761"]
[PlyCount "68"]
[EventDate "2018.10.13"]
[EventType "swiss"]
[EventRounds "9"]
[EventCountry "ITA"]
[SourceTitle "CBM 186 Extra"]
[Source "ChessBase"]
[SourceDate "2018.08.24"]
[SourceVersion "1"]
[SourceVersionDate "2018.08.24"]
[SourceQuality "1"]

1. e4 d6 2. d4 Nf6 3. Nc3 g6 4. f4 Bg7 5. Nf3 c5 6. Bb5+ Bd7 7. Bxd7+ Nbxd7 8. d5 b5 9. e5 dxe5 10. fxe5 Ng4 11. e6 Ndf6 12. Ng5 Qb6 13. exf7+ Kf8 14. Qe2 Nh6 15. Ne6+ Kxf7 16. Nxg7 Kxg7 17. Bxh6+ Kxh6 18. Qe3+ Kg7 19. Qxe7+ Kh6 20. Qe3+ Kg7 21. 0-0-0 Rhe8 22. Qf3 b4 23. Nb1 c4 24. Rhe1 Qd6 25. Re6 Rxe6 26. dxe6 Qb8 27. Nd2 c3 28. Ne4 cxb2+ 29. Kb1 Nxe4 30. Qxe4 Qe8 31. Rd7+ Kg8 32. Qd5 Rc8 33. e7+ Kg7 34. Rd8 Rxd8 1-0

[Event "Sanxenxo Carlos op 10th"]
[Site "Sanxenxo"]
[Date "2018.06.16"]
[Round "1"]
[White "Rodriguez Lopez, Rafael"]
[Black "Kopischke, Maik"]
[Result "1-0"]
[WhiteElo "2289"]
[BlackElo "1767"]
[PlyCount "53"]
[EventDate "2018.06.16"]
[EventType "swiss"]
[EventRounds "9"]
[EventCountry "ESP"]
[SourceTitle "CBM 185 Extra"]
[Source "ChessBase"]
[SourceDate "2018.07.29"]
[SourceVersion "1"]
[SourceVersionDate "2018.07.29"]
[SourceQuality "1"]

1. e4 d6 2. d4 Nf6 3. Nc3 g6 4. Be3 c6 5. Qd2 Nbd7 6. h3 b5 7. Bd3 Qc7 8. Nf3 a6 9. 0-0 Bb7 10. Rfe1 Bg7 11. Bh6 0-0 12. Ne2 c5 13. Bxg7 Kxg7 14. Ng3 cxd4 15. Nxd4 Nc5 16. Rad1 Rac8 17. Kh1 Rfd8 18. Qg5 Nxd3 19. cxd3 e6 20. Re3 h6 21. Ngf5+ exf5 22. Nxf5+ Kf8 23. Qxf6 gxf5 24. exf5 Kg8 25. Rg3+ Kf8 26. Re1 Bxg2+ 27. Rxg2 1-0

[Event "Regensburg Donau Cup 2nd"]
[Site "Regensburg"]
[Date "2018.05.10"]
[Round "3"]
[White "Schmid, Roland1"]
[Black "Kopischke, Maik"]
[Result "1-0"]
[WhiteElo "2247"]
[BlackElo "1730"]
[PlyCount "49"]
[EventDate "2018.05.09"]
[EventType "swiss"]
[EventRounds "7"]
[EventCountry "GER"]
[SourceTitle "CBM 184 Extra"]
[Source "ChessBase"]
[SourceDate "2018.06.28"]
[SourceVersion "1"]
[SourceVersionDate "2018.06.28"]
[SourceQuality "1"]

1. d4 c5 2. d5 d6 3. e4 g6 4. Bb5+ Nd7 5. a4 a6 6. Be2 Bg7 7. Nf3 Ngf6 8. Nc3 0-0 9. 0-0 b6 10. h3 Bb7 11. Bg5 Ne8 12. Qd2 Nc7 13. Nh2 Rb8 14. Bh6 Ba8 15. Bxg7 Kxg7 16. f4 b5 17. axb5 axb5 18. Nd1 Nf6 19. Bf3 e6 20. dxe6 fxe6 21. Nf2 b4 22. Nhg4 Nb5 23. Nxf6 Qxf6 24. e5 Qxf4 25. Qxf4 1-0

[Event "Benidorm op U2000 13th"]
[Site "Benidorm"]
[Date "2014.12.06"]
[Round "9"]
[White "Kopischke, Maik"]
[Black "Lopez Heras, Arturo"]
[Result "0-1"]
[WhiteElo "1835"]
[BlackElo "1906"]
[PlyCount "46"]
[EventDate "2014.11.28"]
[EventType "swiss"]
[EventRounds "10"]
[EventCountry "ESP"]
[SourceTitle "CBM 163 Extra"]
[Source "ChessBase"]
[SourceDate "2014.12.23"]
[SourceVersion "1"]
[SourceVersionDate "2014.12.23"]
[SourceQuality "1"]

1. d4 Nf6 2. Nf3 g6 3. Nc3 Bg7 4. e4 d6 5. Be3 0-0 6. Qd2 Nc6 7. h3 e5 8. dxe5 dxe5 9. Qxd8 Rxd8 10. Bc4 Nd4 11. 0-0-0 Ne8 12. a3 Be6 13. Bxe6 Nxe6 14. Rxd8 Rxd8 15. Rd1 Nd4 16. Nd2 Nd6 17. f3 a6 18. Nd5 c6 19. Nb4 Ne2+ 20. Kb1 Nc4 21. Re1 Nxd2+ 22. Bxd2 Rxd2 23. Nd3 Nf4 0-1

[Event "Benidorm op U2000 13th"]
[Site "Benidorm"]
[Date "2014.12.01"]
[Round "4"]
[White "Kopischke, Maik"]
[Black "Cluyts, Marc"]
[Result "1/2-1/2"]
[WhiteElo "1835"]
[BlackElo "1996"]
[PlyCount "23"]
[EventDate "2014.11.28"]
[EventType "swiss"]
[EventRounds "10"]
[EventCountry "ESP"]
[SourceTitle "CBM 163 Extra"]
[Source "ChessBase"]
[SourceDate "2014.12.23"]
[SourceVersion "1"]
[SourceVersionDate "2014.12.23"]
[SourceQuality "1"]

1. Nf3 Nf6 2. c4 e6 3. g3 b6 4. Bg2 Bb7 5. 0-0 c5 6. Nc3 Be7 7. b3 0-0 8. d4 cxd4 9. Qxd4 Nc6 10. Qf4 Qb8 11. Qxb8 Raxb8 12. Bf4 1/2-1/2

[Event "Thueringer Wald Schach-Cup 14th"]
[Site "Gotha"]
[Date "2012.11.10"]
[Round "5"]
[White "Kopischke, Maik"]
[Black "Von Otte, Wilhelm"]
[Result "0-1"]
[WhiteElo "1867"]
[BlackElo "2086"]
[PlyCount "40"]
[EventDate "2012.11.07"]
[EventType "swiss"]
[EventRounds "7"]
[EventCountry "GER"]
[SourceTitle "EXT 2013"]
[Source "ChessBase"]
[SourceDate "2012.11.22"]
[SourceVersion "1"]
[SourceVersionDate "2012.11.22"]
[SourceQuality "1"]

1. d4 d5 2. Nf3 Nf6 3. c3 g6 4. Bg5 Nbd7 5. Nbd2 Bg7 6. e3 0-0 7. Bd3 b6 8. 0-0 Bb7 9. Re1 Ne4 10. Bh4 h6 11. c4 g5 12. Bg3 f5 13. Be5 Nxe5 14. Nxe5 e6 15. f3 Nxd2 16. Qxd2 Bxe5 17. dxe5 dxc4 18. Qb4 cxd3 19. Red1 c5 20. Qc3 Ba6 0-1

[Event "Thueringer Wald Schach-Cup 14th"]
[Site "Gotha"]
[Date "2012.11.09"]
[Round "4"]
[White "Schwarz, Hilmar"]
[Black "Kopischke, Maik"]
[Result "0-1"]
[WhiteElo "1892"]
[BlackElo "1867"]
[PlyCount "118"]
[EventDate "2012.11.07"]
[EventType "swiss"]
[EventRounds "7"]
[EventCountry "GER"]
[SourceTitle "EXT 2013"]
[Source "ChessBase"]
[SourceDate "2012.11.22"]
[SourceVersion "1"]
[SourceVersionDate "2012.11.22"]
[SourceQuality "1"]

1. e4 g6 2. d4 Bg7 3. f4 d6 4. Nf3 c5 5. d5 Nf6 6. Nc3 0-0 7. Be2 Nbd7 8. 0-0 a6 9. a4 Nb6 10. a5 Nbd7 11. Kh1 b6 12. axb6 Qxb6 13. Nd2 Bb7 14. Nc4 Qc7 15. Ra3 Nb6 16. Qe1 Nxc4 17. Bxc4 Qd7 18. Bd2 e6 19. Qh4 exd5 20. exd5 Rfe8 21. f5 Nh5 22. Ne4 Qe7 23. Qxe7 Rxe7 24. Nxd6 Nf6 25. Nxb7 Rxb7 26. b3 Rd7 27. Be3 Nxd5 28. Bxc5 Nc3 29. fxg6 hxg6 30. Rxa6 Rad8 31. h3 Ne4 32. Bb6 Ng3+ 33. Kg1 Nxf1 34. Bxd8 Ne3 35. Bf6 Rd2 36. Bd3 Rxg2+ 37. Kh1 Rf2 38. Bxg7 Kxg7 39. Rc6 Rf3 40. Kh2 f5 41. b4 Nd5 42. Kg2 Re3 43. b5 Nf4+ 44. Kf2 Rxh3 45. Rc3 Nd5 46. Rb3 Nb6 47. Ra3 Rh8 48. Ra6 Rb8 49. c4 Kh6 50. Rxb6 Rxb6 51. c5 Rb8 52. b6 Kg7 53. Ba6 Kf8 54. b7 Ke7 55. Ke3 Kd7 56. Bb5+ Kc7 57. c6 g5 58. Kf3 Rh8 59. Kg3 Rd8 0-1